|
|
|
|
| LEADER |
00000nam a2200000Ii 4500 |
| 001 |
DIGUCAUCA0035 |
| 003 |
NyNyDIG |
| 007 |
cr ||||||||||| |
| 008 |
210823s2017 ck a ob 001 0dspa d |
| 006 |
m o d |
| 035 |
|
|
|a (OCoLC)1282640201
|
| 040 |
|
|
|a DGITA
|b eng
|e rda
|e pn
|c DGITA
|
| 020 |
|
|
|z 9789587323054
|
| 050 |
1 |
4 |
|a B2430.D484 ebook
|
| 082 |
1 |
4 |
|a 194
|
| 245 |
0 |
0 |
|a Derrida desde el sur :
|b la universidad del monte o el pensamiento sin claustro /
|c Javier Tobar, editor y compilador.
|
| 264 |
|
1 |
|a Popayán, Colombia :
|b Editorial Universidad del Cauca,
|c [2017]
|
| 300 |
|
|
|a 1 online resource :
|b illustrations.
|
| 336 |
|
|
|a text
|b txt
|2 rdacontent
|
| 337 |
|
|
|a computer
|b c
|2 rdamedia
|
| 338 |
|
|
|a online resource
|b cr
|2 rdacarrier
|
| 347 |
|
|
|a text file
|2 rdaft
|
| 347 |
|
|
|b PDF
|
| 504 |
|
|
|a Includes bibliographical references and index.
|
| 588 |
0 |
|
|a Online resource; title from PDF title page (Digitalia, viewed August 23, 2021)
|
| 600 |
1 |
0 |
|a Derrida, Jacques
|x Criticism and interpretation.
|
| 650 |
|
0 |
|a Deconstruction.
|
| 655 |
|
0 |
|a Electronic books.
|
| 700 |
1 |
|
|a Tobar, Javier,
|e editor.
|
| 791 |
2 |
|
|a Digitalia (Firm),
|e distributor.
|
| 793 |
0 |
|
|g Digitalia eBook Collection:
|a Editorial Universidad del Cauca
|
| 776 |
0 |
8 |
|i Print version:
|t Derrida desde el sur.
|b Primera edición en español.
|d Popayán, Colombia : Editorial Universidad del Cauca, [2017]
|z 9789587323054
|w (OCoLC)1129598122
|
| 856 |
4 |
0 |
|3 Digitalia Hispánica
|u https://www.digitaliapublishing.com/a/60611/
|
| 910 |
|
|
|a Premium collection: 2021
|